00703 am a2200229ua 4500001000500000005001700005020003100022040002300053050001200076082001500088100002700103245005300130260002800183300002300211500006000234505000600294521001800300521001800318650006500336655003000401655004200431193320231019090044.0 a059013695X (pbk) :c£2.99 aUkcUkbengdFISKH aPZ7.G1504a813.542211 aMartin, Ann M.,d1955-10aKristy and the missing fortune /cAnn M. Martin. aLondon :bHippo,c1996. a146 pages :c18 cm aOriginally published: United States : Scholastic, 1995. aQ a870 bLexile aQ bRaz-Plus 0aBabysitters Club (Imaginary organization)xJuvenile fiction.07aChildren's stories.2lcsh07aDetective and mystery stories.2gsafd